| 000 | 00834nam a2200253 a 4500 | ||
|---|---|---|---|
| 001 | 000046355 | ||
| 003 | DO-SdBNP | ||
| 005 | 20230615082335.0 | ||
| 008 | 150803s1996 dr a 000 0 spa d | ||
| 040 |
_aDO-SdBNP _bspa _cBNPHU _drda |
||
| 082 | 4 |
_222 _bC118d |
|
| 100 | 1 |
_aCáceres Mendoza, Fran _974383 |
|
| 245 | 1 | 0 |
_aDemocracia participativa : _bel gobierno de los ciudadanos / _cFran Cáceres Mendoza. |
| 264 |
_aSanto Domingo : _bCiudad alternativa, _c©1996 |
||
| 300 |
_a26 página : _bIlustraciones ; _c20 cm. |
||
| 336 |
_2rdaconten _atexto _btxt |
||
| 337 |
_2rdamedia _asin medición _bn |
||
| 338 |
_2rdacarrier _avolumen _bnc |
||
| 490 | 0 |
_aDemocracia participativa _v1 |
|
| 500 | _aIncluye notas al pie de páginas | ||
| 504 | _aBibliografía: páginas: 24-26 | ||
| 590 | _aInventariado 2023 / MF | ||
| 942 |
_2ddc _cLF2 |
||
| 999 |
_c45844 _d45844 |
||